000 00234nam a2200097Ia 4500
001 1107202
005 20250827003453.0
008 250824s9999 xx 000 0 und d
245 0 _aSEL
_cYAVUZ BAHADIROĞLU
260 _bNESİL YAYINEVİ
999 _c1107202
_d1107202